000 00469nam a2200145Ia 4500
003 GCL
008 140319s9999 xx 000 0 ara d
040 _aGCL /
_cGCL
082 0 4 _a398.2
_bب ت
100 1 _aبتلهايم، برونو
245 1 0 _aالتحليل النفسى للحكايات الشعبية /
_cبتلهايم، برونو
700 1 _aطلال حرب (ترجمة)
300 _a360 ص
490 _aالهيئة العامة للاستعلامات
_v0
999 _c47586
_d47586